Responses for show #7966 - Monday, April 8, 2019

James Holzhauer game 3.

Contestants

Matthew Amster-Burton, a podcast host from Seattle, Washington

Maryanne Mowen, an accounting professor from Santa Fe, New Mexico

James Holzhauer, a professional sports gambler from Las Vegas, Nevada (whose 2-day cash winnings total $82,606)

Jeopardy! Round responses

WHO'S ON TV?
TRUE CRIME BOOK SHELF
TRICKS OF THE MIND
"TOUCH"-Y, "FEEL"-Y
GET YOUR KICKS
ROOT '66
    $200 3
Will & Grace

James
    $200 28
Bernie Madoff

James
    $200 29
perception (or perspective)

Matthew
    $200 20
feelers

James
    $200 23
Chicago

James
    $200 30
Caesars Palace

Matthew
    $400 26
Eve

James
    $400 27
Leavenworth

James
    $400 19
placebo

Maryanne
    $400 8
hard feelings

Matthew
    $400 24
extra point following a touchdown

Triple Stumper
    $400 9
(Darius) Rucker

Matthew
    $600 25
(Alex: With less than a minute now.)

Pete

Maryanne
    $600 15
[ERRATUM: The clue's quotation marks include "In" as part of the book title, though the title is All-American Murder.]

Aaron Hernandez

James
    $600 13
conceive

James
    $600 2
the Midas touch

Maryanne
    $4,800 18
the Rockettes

Matthew
    $600 10
(James: What are air bags?)
(Matthew: What are tires?)

fuel tanks

JamesMatthew
Triple Stumper
    $800 22
Carly

Maryanne
    $800 21
JonBenét Ramsey

James
    $800 17
halo

Matthew
    $800 12
feel-good

Matthew
    $800 16
breakdancing

James
    $800 11
the dollar

James
    $1000 4
Hope

James
    $1000 14
(Ted) Bundy

Matthew
    $1000 7
Rashomon

Matthew
    $1000 6
a touchstone

James
    $1000 5
the habit

James
    $1000 1
the Church of Satan

Matthew

Scores at the first commercial break (after clue 15):

James Maryanne Matthew
$4,600 $600 $4,000

Scores at the end of the Jeopardy! Round:

James Maryanne Matthew
$7,600 $2,400 $10,000

Double Jeopardy! Round responses

HOTELS
THEATRE
EMPIRES & DYNASTIES
CAROL KAYE PLAYED BASS ON THAT
JUST YOUR AVERAGE CATEGORY
THE BRIDGE ON THE RIVER, WHY?
    $400 3
a tearoom

James
    $400 10
Daniel Radcliffe

James
    $400 29
[The end-of-round signal sounds.]

The Beach Boys

James
    $400 27
garden

Matthew
    $400 1
the Thames

James
    $800 26
Howard Johnson

Maryanne
    $800 24
War Horse

Matthew
    $800 28
India

Matthew
    $800 25
(Alex: Less than a minute.)

La Bamba

James
    $800 20
passable

Triple Stumper
    $800 23
(Matthew: Who is Cuomo?)
(Alex: Be more specific.)
(Matthew: [*].)

Mario Cuomo

Matthew
    $1200 6
the Waldorf-Astoria

Maryanne
    $1200 11
the Old Vic

James
    $10,000 5
Persia

James
    $1200 18
Mission: Impossible

Matthew
    $1200 19
mediocre

Triple Stumper
    $1200 2
Alaska

Maryanne
    $1600 7
Death on the Nile

James
    $1600 12
roses

James
    $1600 15
Kublai Khan

James
    $1600 17
Clarksville

James
    $1600 21
workaday

Matthew
    $1600 4
(Maryanne: What is the Golden Gate Bridge?)
(James: What is the Bay Bridge...[*]?)

the San Francisco Bay Bridge

JamesMaryanne
    $2000 9
the Biltmore

Maryanne
    $8,615 13
Long Day's Journey into Night

James
    $2000 14
Capetian

James
    $2000 16
Frank Black

James
    $2000 22
prosaic

Matthew
    $2000 8
bullet trains

James

Scores at the end of the Double Jeopardy! Round:

James Maryanne Matthew
$43,815 $6,000 $17,600
(lock game)

[wagering suggestions for these scores]

Final Jeopardy! Round responses

HOLLYWOOD HISTORY
(Alex: [To Maryanne] The Wizard of Oz was filmed right here at this studio.)
MaryanneWho are the Munchkins?
$4,000
MatthewWho are the ... nope.
$5,600
JamesWho are the Munchkins? Happy birthday Pops ♥
$7,030
the Munchkins

Final scores:

James Maryanne Matthew
$50,845 $10,000 $12,000
3-day champion: $133,451 3rd place: $1,000 2nd place: $2,000

Game dynamics:

Coryat scores:

James Maryanne Matthew
$28,400 $6,000 $13,400
30 R
(including 2 DDs),
1 W
8 R,
1 W
17 R
(including 1 DD),
1 W

Combined Coryat: $47,800

The J! Archive is created by fans, for fans. The Jeopardy! game show and all elements thereof, including but not limited to copyright and trademark thereto, are the property of Jeopardy Productions, Inc. and are protected under law. This website is not affiliated with, sponsored by, or operated by Jeopardy Productions, Inc. Join the discussion at JBoard.tv.